| 000 -CABECERA |
| fixed length control field |
01907nam a22003257a 4500 |
| 003 - IDENTIFICADOR DEL NÚMERO DE CONTROL |
| control field |
AR-CdUCM |
| 008 - DATOS DE LONGITUD FIJA--INFORMACIÓN GENERAL |
| fixed length control field |
190425b ||||| |||| 00| 0 spa d |
| 040 ## - FUENTE DE LA CATALOGACIÓN |
| Agencia/entidad que catalogó originalmente la obra |
MUNICIPALIDAD PROVINCIAL DEL CUSCO |
| Entidad que transcribió la catalogación |
BIBLIOTECA MUNICIPAL DEL CUSCO |
| 082 ## - NÚMERO DE LA CLASIFICACIÓN DECIMAL DEWEY |
| No. de Clasificación |
Rev.Allp/N°19/1982 |
| 110 ## - ENTRADA PRINCIPAL--NOMBRE DE ENTIDAD CORPORATIVA |
| Nombre de la institución, jurisdicción como entrada principal |
Instituto de Pastoral Andina |
| 9 (RLIN) |
12766 |
| 245 ## - MENCIÓN DE TÍTULO |
| Título |
Allpanchis Phuturinqa : |
| Resto del título |
Revista Anual / |
| 260 ## - PUBLICACIÓN, DISTRIBUCIÓN, ETC. |
| Lugar de publicación, distribución, etc. |
Cusco : |
| Nombre de la editorial, distribuidor, etc. |
Instituto de Pastoral Andina, |
| Fecha de publicación, distribución, etc. |
1982. |
| 300 ## - DESCRIPCIÓN FÍSICA |
| Nº de Páginas Extensión |
291 páginas. : |
| Otros detalles físicos |
ilustraciones ; |
| Dimensiones |
20 cm. |
| 440 ## - MENCIÓN DE SERIE/PUNTO DE ACCESO ADICIONAL--TÍTULO |
| Título |
Revista del Instituto de Pastoral Andina Cusco |
| Número de la parte/sección de una obra |
Año1982,N°19.Vol. XVI. |
| 9 (RLIN) |
46227 |
| 505 ## - NOTA DE CONTENIDO CON FORMATO |
| Nota de contenido formateada |
Contenido: Una teología política en el Perú del siglo XVI. Gustavo Gutiérrez. -- Dioses y diablos idolatrías y evangelización. Irene Silverblatt. -- El Taki Onqoy y la sociedad andina Huamanga siglo XVI. Steve Stern. -- Los santuarios religiosos en la economía regional andina Cusco. Deborah Poole. -- Los clérigos doctrineros y la economía colonial Lima 1600-1630. Bernard Lavalle. -- Religión y justicia en Túpac Amaru. Jefrey Klaiber. -- Dioses y hombres de Huamanga. Jan Szeminski. -- Alrededor de dos falsas ecuaciones coca buena cocaína buena, cocaína mala coca mala. -- Comercios de lanas estructura agraria y oligarquía en el sur del Perú. Nils Jacobsen. -- La revisita de Huarochirí o la resurrección del padre Ávila. Henrique Urbano. -- Sobre ritual y palabra. José María Gómez. |
| 650 ## - PUNTO DE ACCESO ADICIONAL DE MATERIA--TÉRMINO DE MATERIA |
| Descriptor |
Cultura andina |
| 9 (RLIN) |
46225 |
| 650 ## - PUNTO DE ACCESO ADICIONAL DE MATERIA--TÉRMINO DE MATERIA |
| Descriptor |
Religiosidad andina |
| 9 (RLIN) |
44127 |
| 650 ## - PUNTO DE ACCESO ADICIONAL DE MATERIA--TÉRMINO DE MATERIA |
| Descriptor |
Cristianismo colonial |
| 9 (RLIN) |
46228 |
| 650 ## - PUNTO DE ACCESO ADICIONAL DE MATERIA--TÉRMINO DE MATERIA |
| Descriptor |
Mesianismo |
| 9 (RLIN) |
2060 |
| 650 ## - PUNTO DE ACCESO ADICIONAL DE MATERIA--TÉRMINO DE MATERIA |
| Descriptor |
Teología |
| 9 (RLIN) |
46229 |
| 650 ## - PUNTO DE ACCESO ADICIONAL DE MATERIA--TÉRMINO DE MATERIA |
| Descriptor |
Evangelización |
| 9 (RLIN) |
46230 |
| 700 ## - PUNTO DE ACCESO ADICIONAL--NOMBRE DE PERSONA |
| Nombre Personal |
Urbano, Enrique |
| 9 (RLIN) |
39364 |
| 700 ## - PUNTO DE ACCESO ADICIONAL--NOMBRE DE PERSONA |
| Nombre Personal |
Poole, Deborah |
| 9 (RLIN) |
46231 |
| 700 ## - PUNTO DE ACCESO ADICIONAL--NOMBRE DE PERSONA |
| Nombre Personal |
Lavalle, Berbard |
| 9 (RLIN) |
46232 |
| 700 ## - PUNTO DE ACCESO ADICIONAL--NOMBRE DE PERSONA |
| Nombre Personal |
Szeminski, Jan |
| 9 (RLIN) |
5840 |
| 700 ## - PUNTO DE ACCESO ADICIONAL--NOMBRE DE PERSONA |
| Nombre Personal |
Jacobsen, Nils |
| 9 (RLIN) |
44745 |
| 942 ## - ELEMENTOS DE PUNTO DE ACCESO ADICIONAL (KOHA) |
| Fuente de clasificación |
|
| Tipo de item |
Revistas cusqueñas |
| 945 ## - PROCESAMIENTO DE INFORMACIÓN LOCAL (OCLC) |
| Catalogador |
rac |